000
00299nam a22001337a 4500
008
210519b ||||| |||| 00| 0 eng d
041
_a
eng
080
_2
3rd
_a
91
082
_a
91
100
_a
42
101
_a
GJEO
245
_a
Regional Geography of Anglo-America
_c
White,G.L
942
_2
udc
_c
BK
999
_c
57464
_d
57464